Renewable Energy Conversion, Transmission, and Storage : (Record no. 597735)

MARC details
000 -LEADER
fixed length control field 00499nam a2200193 a 4500
008 - FIXED-LENGTH DATA ELEMENTS--GENERAL INFORMATION
fixed length control field 251115s2007##################000#0#eng##
020 ## - INTERNATIONAL STANDARD BOOK NUMBER
ISBN 9780123742629
082 04 - DEWEY DECIMAL CLASSIFICATION NUMBER
Classification number 621.042
Item number SOR
100 1# - MAIN ENTRY--AUTHOR NAME
Personal name Sørensen, Bent,
245 10 - TITLE STATEMENT
Title Renewable Energy Conversion, Transmission, and Storage :
260 ## - PUBLICATION, DISTRIBUTION, ETC. (IMPRINT)
Name of publisher Academic Press,
Year of publication 2007.
300 ## - PHYSICAL DESCRIPTION
Number of Pages 327 pages
650 #0 - SUBJECT ADDED ENTRY--TOPICAL TERM
Topical Term Science.
942 ## - ADDED ENTRY ELEMENTS (KOHA)
Koha item type English Books
Holdings
Withdrawn status Lost status Damaged status Not for loan Home library Current library Shelving location Date acquired Full call number Accession Number Price effective from Koha item type
        Anna Centenary Library Anna Centenary Library 6TH FLOOR, A WING 15.11.2025 621.042 SOR 348970 15.11.2025 English Books

Find us on the map